<?xml version="1.0" encoding="UTF-8"?>
<record
    xmlns:xsi="http://www.w3.org/2001/XMLSchema-instance"
    xsi:schemaLocation="http://www.loc.gov/MARC21/slim http://www.loc.gov/standards/marcxml/schema/MARC21slim.xsd"
    xmlns="http://www.loc.gov/MARC21/slim">

  <leader>01588nam a22003017a 4500</leader>
  <controlfield tag="001">8712</controlfield>
  <controlfield tag="003">FISKH</controlfield>
  <controlfield tag="005">20251013143211.0</controlfield>
  <controlfield tag="008">251013b        cb ||||| |||| 00| 0 eng d</controlfield>
  <datafield tag="020" ind1=" " ind2=" ">
    <subfield code="a">9789995088828</subfield>
  </datafield>
  <datafield tag="040" ind1=" " ind2=" ">
    <subfield code="a">FISKH</subfield>
    <subfield code="b">khr</subfield>
    <subfield code="c">FISKH</subfield>
    <subfield code="d">FISKH</subfield>
  </datafield>
  <datafield tag="082" ind1=" " ind2=" ">
    <subfield code="a">398.209596</subfield>
  </datafield>
  <datafield tag="100" ind1=" " ind2=" ">
    <subfield code="a">Sotheary, Kimsun</subfield>
  </datafield>
  <datafield tag="245" ind1=" " ind2=" ">
    <subfield code="a">&#x1780;&#x17BC;&#x1793;&#x1791;&#x17B8;&#x1791;&#x17BB;&#x1799;&#x178A;&#x17CF;&#x179F;&#x17C2;&#x1793;&#x1786;&#x17D2;&#x179B;&#x17B6;&#x178F; : </subfield>
    <subfield code="b">The wise owlet </subfield>
    <subfield code="c">&#x17A2;&#x17D2;&#x1793;&#x1780;&#x179F;&#x17D2;&#x179A;&#x17B8; &#x1782;&#x17B9;&#x1798;&#x179F;&#x17CA;&#x17BB;&#x1793; &#x179F;&#x17BB;&#x1792;&#x17B6;&#x179A;&#x17B8; </subfield>
  </datafield>
  <datafield tag="260" ind1=" " ind2=" ">
    <subfield code="a">Phnom Penh : </subfield>
    <subfield code="b">Reading Books , </subfield>
    <subfield code="c">2007.</subfield>
  </datafield>
  <datafield tag="300" ind1=" " ind2=" ">
    <subfield code="a">28 pages : </subfield>
    <subfield code="b">color illustrations ;</subfield>
    <subfield code="c">25 cm. </subfield>
  </datafield>
  <datafield tag="490" ind1=" " ind2=" ">
    <subfield code="a">&#x1796;&#x17B7;&#x1797;&#x1796;&#x179A;&#x17BF;&#x1784;&#x1793;&#x17B7;&#x1791;&#x17B6;&#x1793;</subfield>
  </datafield>
  <datafield tag="505" ind1=" " ind2=" ">
    <subfield code="a">K 
</subfield>
  </datafield>
  <datafield tag="520" ind1=" " ind2=" ">
    <subfield code="a">&#x1780;&#x17BC;&#x1793;&#x1791;&#x17B8;&#x1791;&#x17BB;&#x1799;&#x1785;&#x17BC;&#x179B;&#x1785;&#x17B7;&#x178F;&#x17D2;&#x178F;&#x179F;&#x17BD;&#x179A;&#x179F;&#x17C6;&#x1793;&#x17BD;&#x179A;&#x1791;&#x17C5;&#x17A9;&#x17CF;&#x1796;&#x17BB;&#x1780;&#x1798;&#x17D2;&#x178F;&#x17B6;&#x1799;&#x1796;&#x17BD;&#x1780;&#x1782;&#x17C1; &#x178A;&#x17C4;&#x1799;&#x1798;&#x17B7;&#x1793;&#x17A2;&#x17B6;&#x1785;&#x1786;&#x17D2;&#x179B;&#x17BE;&#x1799;&#x179F;&#x17C6;&#x1793;&#x17BD;&#x179A;&#x1791;&#x17C0;&#x178F;&#x1794;&#x17B6;&#x1793;&#x17A7;&#x17CF;&#x1796;&#x17BB;&#x1780;&#x1798;&#x17D2;&#x178F;&#x17B6;&#x1799;&#x179A;&#x1794;&#x179F;&#x17CB;&#x1780;&#x17BC;&#x1793;&#x1791;&#x17B8;&#x1791;&#x17BB;&#x1799;&#x1780;&#x17CF;&#x1793;&#x17B6;&#x17C6;&#x1782;&#x17C1;&#x17A2;&#x17C4;&#x1799;&#x1791;&#x17C5;&#x1787;&#x17BD;&#x1794;&#x1787;&#x17B8;&#x178F;&#x17B6;&#x178A;&#x17BE;&#x1798;&#x17D2;&#x1794;&#x17B8;&#x17A2;&#x17C4;&#x1799;&#x1787;&#x17B8;&#x178F;&#x17B6;&#x1787;&#x17BD;&#x1799;&#x1786;&#x17D2;&#x179B;&#x17BE;&#x1799; &#x17D4; </subfield>
  </datafield>
  <datafield tag="520" ind1=" " ind2=" ">
    <subfield code="a">Owlet liked to ask questions to his parents, but they could no longer answer them. So his parents brought him to see his grandfather, hoping he could help answer the questions.</subfield>
  </datafield>
  <datafield tag="521" ind1="8" ind2=" ">
    <subfield code="a">510 
</subfield>
    <subfield code="b">Lexile estimate 
</subfield>
  </datafield>
  <datafield tag="521" ind1="8" ind2=" ">
    <subfield code="a">K 
</subfield>
    <subfield code="b">Raz-Plus 
</subfield>
  </datafield>
  <datafield tag="650" ind1=" " ind2=" ">
    <subfield code="a">&#x1780;&#x17BC;&#x1793;&#x1791;&#x17B8;&#x1791;&#x17BB;&#x1799;&#x178A;&#x17CF;&#x179F;&#x17C2;&#x1793;&#x1786;&#x17D2;&#x179B;&#x17B6;&#x178F;&#x200B;</subfield>
    <subfield code="v">&#x179A;&#x17BF;&#x1784;&#x1793;&#x17B7;&#x1791;&#x17B6;&#x1793;&#x1780;&#x17BB;&#x1798;&#x17B6;&#x179A; </subfield>
  </datafield>
  <datafield tag="650" ind1=" " ind2=" ">
    <subfield code="a">The wise owlet </subfield>
    <subfield code="v">Children's Stories </subfield>
  </datafield>
  <datafield tag="700" ind1=" " ind2=" ">
    <subfield code="a">Bora, Hong </subfield>
    <subfield code="e">Illustrator </subfield>
  </datafield>
  <datafield tag="942" ind1=" " ind2=" ">
    <subfield code="2">ddc</subfield>
    <subfield code="c">KHB</subfield>
    <subfield code="n">0</subfield>
  </datafield>
  <datafield tag="999" ind1=" " ind2=" ">
    <subfield code="c">8712</subfield>
    <subfield code="d">8712</subfield>
  </datafield>
  <datafield tag="952" ind1=" " ind2=" ">
    <subfield code="0">0</subfield>
    <subfield code="1">0</subfield>
    <subfield code="2">ddc</subfield>
    <subfield code="4">0</subfield>
    <subfield code="7">0</subfield>
    <subfield code="a">002</subfield>
    <subfield code="b">002</subfield>
    <subfield code="c">TTP Khmer</subfield>
    <subfield code="d">2025-10-13</subfield>
    <subfield code="l">0</subfield>
    <subfield code="o">SOT 398.209596</subfield>
    <subfield code="p">FIS04369</subfield>
    <subfield code="r">2025-10-13 14:31:54</subfield>
    <subfield code="t">1</subfield>
    <subfield code="w">2025-10-13</subfield>
    <subfield code="y">KHB</subfield>
  </datafield>
  <datafield tag="952" ind1=" " ind2=" ">
    <subfield code="0">0</subfield>
    <subfield code="1">0</subfield>
    <subfield code="2">ddc</subfield>
    <subfield code="4">0</subfield>
    <subfield code="7">0</subfield>
    <subfield code="a">002</subfield>
    <subfield code="b">002</subfield>
    <subfield code="c">TTP Khmer</subfield>
    <subfield code="d">2025-10-13</subfield>
    <subfield code="l">0</subfield>
    <subfield code="o">SOT 398.209596</subfield>
    <subfield code="p">FIS04229</subfield>
    <subfield code="r">2025-10-13 14:32:52</subfield>
    <subfield code="t">2</subfield>
    <subfield code="w">2025-10-13</subfield>
    <subfield code="y">KHB</subfield>
  </datafield>
  <datafield tag="952" ind1=" " ind2=" ">
    <subfield code="0">0</subfield>
    <subfield code="1">0</subfield>
    <subfield code="2">ddc</subfield>
    <subfield code="4">0</subfield>
    <subfield code="7">0</subfield>
    <subfield code="a">002</subfield>
    <subfield code="b">002</subfield>
    <subfield code="c">TTP Khmer</subfield>
    <subfield code="d">2025-10-13</subfield>
    <subfield code="l">1</subfield>
    <subfield code="o">SOT 398.209596</subfield>
    <subfield code="p">FIS04004</subfield>
    <subfield code="r">2026-03-11 14:30:57</subfield>
    <subfield code="s">2026-03-11</subfield>
    <subfield code="t">3</subfield>
    <subfield code="w">2025-10-13</subfield>
    <subfield code="y">KHB</subfield>
  </datafield>
  <datafield tag="952" ind1=" " ind2=" ">
    <subfield code="0">0</subfield>
    <subfield code="1">0</subfield>
    <subfield code="2">ddc</subfield>
    <subfield code="4">0</subfield>
    <subfield code="7">0</subfield>
    <subfield code="a">002</subfield>
    <subfield code="b">002</subfield>
    <subfield code="c">TTP Khmer</subfield>
    <subfield code="d">2025-11-11</subfield>
    <subfield code="l">0</subfield>
    <subfield code="o">SOT 398.209596</subfield>
    <subfield code="p">FIS04545</subfield>
    <subfield code="r">2025-11-11 14:05:16</subfield>
    <subfield code="t">4</subfield>
    <subfield code="w">2025-11-11</subfield>
    <subfield code="y">KHB</subfield>
  </datafield>
  <datafield tag="952" ind1=" " ind2=" ">
    <subfield code="0">0</subfield>
    <subfield code="1">0</subfield>
    <subfield code="2">ddc</subfield>
    <subfield code="4">0</subfield>
    <subfield code="7">0</subfield>
    <subfield code="a">002</subfield>
    <subfield code="b">002</subfield>
    <subfield code="c">TTP Khmer</subfield>
    <subfield code="d">2025-11-11</subfield>
    <subfield code="l">0</subfield>
    <subfield code="o">SOT 398.209596</subfield>
    <subfield code="p">FISBK03886</subfield>
    <subfield code="r">2025-11-11 15:15:08</subfield>
    <subfield code="t">5</subfield>
    <subfield code="w">2025-11-11</subfield>
    <subfield code="y">KHB</subfield>
  </datafield>
</record>
